000 00511nam a2200181Ia 4500
008 200601s9999 xx 000 0 und d
020 _a1-85534-335-5
050 _aREF PC 1640
050 _b.I83 1998
245 0 _aItalian-English, English-Italian dictionary /
260 _aScotland :
260 _bGedde & Grosset.
260 _c2003
300 _a239 pages :
300 _c15 cm.
650 _aItalian language -- Dictionaries -- English.
650 _xEnglish language -- Dictionaries -- Italian.
999 _c363374
_d363374